00966nam a2200205Ia 4500008004100000020001500041041001200056082001600068100001500084245005500099260003300154300000800187650001200195700001900207942000700226999001500233952017200248952017000420952017000590221030s9999 xx 000 0 und d a8185015600 aEnglish a105.23bWeh aM. R. Wehr 0aPhysics of the Atomcby M. R. Wehr, J. A. Richards bNarosa Pub.aNew Delhic1999 a593 aPhysics aJ. A. Richards cBK c6584d6584 pBE 1860g185.00l0o105.23 Wehr2024-06-13 00:00:00w2022-10-30yBK003Print4070aMIETLIBbMIETLIBcBL-Academic Block - A, FL-1, CUP-7, SH-5, R-5d2000-09-0410HBE pBE 1861g185.00l0o105.23 Wehr2024-06-13 00:00:00w2022-10-30yBK003Print4070aMIETLIBbMIETLIBcBL-Academic Block C, FL-2, CUP-7, SH-2, R-2d2005-10-1110HBE pBE 1862g185.00l0o105.23 Wehr2024-06-13 00:00:00w2022-10-30yBK003Print4070aMIETLIBbMIETLIBcBL-Academic Block C, FL-2, CUP-7, SH-2, R-2d2000-09-1410HBE